|
|
|
|
| LEADER |
00000nab a2200000 a 4500 |
| 001 |
vtls000247549 |
| 003 |
SK-MaSNL |
| 005 |
20260304071915.0 |
| 008 |
250423c1986 xo 0 slo |
| 015 |
|
|
|a SNBRB19rr/mm-uuuuu
|
| 035 |
|
|
|a CL0257663
|
| 035 |
|
|
|a urn:nbn:sk:snk-abellf
|
| 035 |
|
|
|a (urnnbn)urn:nbn:sk:snk:ar-000aca
|
| 035 |
|
|
|a (uuid)c5119c5a-8684-48e7-a6af-932c5bcc72e0
|
| 040 |
|
|
|a SNKBUCL
|b slo
|c SNKBUCL
|e AACR2
|
| 041 |
0 |
|
|a slo
|
| 044 |
|
|
|a xo
|c SK
|
| 080 |
|
|
|a 885.4-1
|2 1981
|
| 100 |
1 |
|
|a Križka, Teodor,
|d 1956-
|4 aut
|9 206539
|
| 245 |
1 |
0 |
|a Krásna
|c Teodor Križka
|
| 500 |
|
|
|a Pod spoločným názvom Z hviezdneho lazaretu
|
| 655 |
|
7 |
|a slovenská poézia
|2 snkbucl
|9 70444
|
| 655 |
|
7 |
|a články z novín a časopisov
|2 snkbucl
|9 267496
|
| 655 |
|
7 |
|a články z odboru literárna veda a krásna literatúra
|2 snkbucl
|9 770045
|
| 773 |
0 |
|
|t Slovenské pohľady
|g Roč. 102, č. 5 (1986), s. 43
|
| 850 |
|
|
|a Slovenská národná knižnica
|
| 852 |
|
|
|a Slovenská národná knižnica
|
| 954 |
|
|
|a beletria pôvodná (slovenská)
|2 lita
|
| 958 |
|
|
|a article27
|
| 958 |
|
|
|a RK
|
| 958 |
|
|
|a LX
|
| 958 |
|
|
|a OND
|
| 958 |
|
|
|a EUIPO
|
| 992 |
|
|
|a RBX
|
| 999 |
|
|
|c 2763213
|d 2765143
|